LIBRARY & INFORMATION CENTRE, KCAET, TAVANUR

ONLINE PUBLIC ACCESS CATALOGUE (OPAC)

Irrigation scheduling studies on soilless culture media for polyhouse cultivatin of vegetable crops (Record no. 15709)

MARC details
000 -LEADER
fixed length control field 00478nam a22001577a 4500
003 - CONTROL NUMBER IDENTIFIER
control field OSt
082 ## - DEWEY DECIMAL CLASSIFICATION NUMBER
Classification number 631.587
Item number APA/I
088 ## - REPORT NUMBER
Report number P 442
100 ## - MAIN ENTRY--AUTHOR NAME
Personal name Aparna P V
100 ## - MAIN ENTRY--AUTHOR NAME
Personal name Krishna
100 ## - MAIN ENTRY--AUTHOR NAME
Personal name Silpa S Jayan
245 ## - TITLE STATEMENT
Title Irrigation scheduling studies on soilless culture media for polyhouse cultivatin of vegetable crops
260 ## - PUBLICATION, DISTRIBUTION, ETC. (IMPRINT)
Place of publication Tavanur
Name of publisher Department of Irrigation and Drainage Engineering
Year of publication 2019
700 ## - ADDED ENTRY--PERSONAL NAME
Personal name Rema K P (Guide)
942 ## - ADDED ENTRY ELEMENTS (KOHA)
Koha item type Project Report
Holdings
Collection code Home library Current library Shelving location Full call number Accession Number Koha item type
Reference KAUAET KAUAET Reference 631.587 APA/I P 442 Project Report
free website counter